00461nam a2200181Ia 4500008004100000020001800041050001400059100002000073245002600093245006600119260001500185260001600200260000900216300001400225300002200239300001000261500000800271170918s9999 xx 000 0 und d a978059081298x bA978 1998 aAylesworth, Jim 4aThe gingerbread man / cretold by Jim Aylesworth ; illustrated by Barbara McClintock. aNew York : bScholastic, c1998 aunpaged : bchiefly colored ; c28cm. a450